| 000 | 00905nam a22002057a 4500 | ||
|---|---|---|---|
| 999 |
_c1156 _d1156 |
||
| 003 | AR-CdUCM | ||
| 008 | 190226b ||||| |||| 00| 0 spa d | ||
| 040 |
_aMUNICIPALIDAD PROVINCIAL DEL CUSCO _cBIBLIOTECA MUNICIPAL DEL CUSCO |
||
| 082 |
_a373 / _bP21 |
||
| 100 |
_aPalomino Gonzales, Niel _94533 |
||
| 245 | _aDidáctica de la competencia lectora y de inducción al hábito lector / | ||
| 260 |
_a[Cusco] : _bMillennium editores, |
||
| 300 |
_a204 páginas ; _c20.3 cm |
||
| 505 | _aContenido: Leamos -- Lectura: concepto, características y ventajas -- La lectura desde la perspectiva psicolingüística y neurolingüística -- Los estadíos del aprendizaje de la lectura -- teoría de las seis lecturas de Miguel de Zubiría ... | ||
| 650 |
_aComprensión lectora _94534 |
||
| 650 |
_aHábito de lectura _94535 |
||
| 650 |
_aMetodología _92264 |
||
| 942 |
_2ddc _cLIBROS |
||
| 945 |
_alccs _d2109-02-26 |
||